000 00713aam a2200277 i 4500
001 768714001
003 CO-MdFUSB
005 20250526150220.0
007 ta
008 250526t1971 ag ||||| |||| 00| 0 spa d
040 _cCO-MdFUSB
041 0 _aspa
082 0 4 _223
_a248.4
_bN372o
100 1 _aNee, Watchman
_eautor
245 1 0 _aNo ameis al mundo
_c/ T. S. Nee
264 1 _bEdiciones Hebron,
_aMisiones, Argentina :
_c[1971]
264 4 _c©1971
300 _a88 páginas
336 _atexto
_btxt
_2rdacontent
337 _2rdamedia
_asin mediación
_bn
338 _2rdacarrier
_avolumen
_bnc
563 _aRústico
650 1 0 _aVida cristiana
_919
942 _cBK
945 _aElías Tolentino
999 _c35947
_d35947